Proceedings of the 9th Annual Meeting of the Forum for Information Retrieval Evaluation

Λεπτομέρειες βιβλιογραφικής εγγραφής
Άλλοι συγγραφείς: Majumder
Μορφή: Ηλεκτρονική πηγή Βιβλίο
Γλώσσα:English
Έκδοση: Association for Computing Machinery (ACM), 12/8/17
Θέματα:
Διαθέσιμο Online:Full text available on Research4Life (ACM)
Classic Catalogue: View this record in Classic Catalogue
LEADER 00883cam a2200181 a 4500
001 AALConferenceProceedingsResearch4Life(ACM)006554
008 240908c9999 xx r poo 0 0eng d
020 |a 9781450363822 
040 |a BD-DhAAL  |c BD-DhAAL 
245 0 0 |h [electronic resource]  |a Proceedings of the 9th Annual Meeting of the Forum for Information Retrieval Evaluation 
260 1 |b Association for Computing Machinery (ACM),  |c 12/8/17 
300 |a 1 online resource 
500 |a <strong>On-Campus Access Only (IP based access)</strong> 
506 |a Electronic access restricted to authorized BRAC University faculty, staff and students 
538 |a Mode of access: Internet 
655 7 |a Conference papers and proceedings.  |2 Library of Congress 
700 1 |a Majumder 
856 4 0 |z Full text available on Research4Life (ACM)  |u https://login.research4life.org/tacsgr1dl_acm_org/doi/book/10.1145/3158354